| 000 | 00511nam a2200205Ia 4500 | ||
|---|---|---|---|
| 999 |
_c46974 _d46974 |
||
| 001 | 13828 | ||
| 003 | GE_BSU | ||
| 005 | 20221124164925.0 | ||
| 008 | 181216s1994||||enk|||||||||||||| ||eng|| | ||
| 020 | _a0140368914x | ||
| 040 | _cGE_BSU | ||
| 041 | _aeng | ||
| 080 | _a821.111-3 R-54 | ||
| 100 |
_aRidley, Philip _916064 |
||
| 245 |
_aKasper in the Glitter / _cPhilip Ridley. |
||
| 264 |
_aLondon: _bPuffin Books, _c1994. |
||
| 300 |
_a245 p.; _b20 cm. |
||
| 653 | _aKasper in the Glitter | ||
| 942 |
_cBK _2udc |
||